000 01122nam a2200229Ia 4500
003 Ost
005 20260507075330.0
008 260507s9999||||xx |||||||||||||| ||und||
020 _a16472499579
040 _cfsecg
041 _aara
082 _a330
100 _aأبو بكر، عيد أحمد
_eمؤلف
245 0 _aإدارة أخطار شركات التأمين :
_bأخطار الاكتتاب ، أخطار الاستثمار /
_c عيد أحمد أبو بكر
260 _aعمان:
_bدار صفاء,
_c2011
300 _a367 صفحة؛
_bإيضاحات ؛
_c25 سم
520 _aالملاءة المالية لشركات التأمين : مفهومها ، أهميتها و الاخطار المؤثرة فيها ، تحليل و قياس أخطار الاكتتاب و تحليل و قياس مخاطر استثمار أموال شركات التأمين ، ادارة اخطار الاكتتاب و أخطار الاستثمار في شركات التأمين
653 _aالشركات
653 _aالمخاطر المصرفية
653 _aشركات التأمين
942 _cكتاب
999 _c43996
_d43996